1980 Election Quiz Stats

 Plays Quiz not verified by Sporcle

Score 0/44 Timer 05:00
0 Plays Today
% Correct
Texas
97.1%
Kansas
96.3%
Oklahoma
96.3%
South Dakota
96.3%
Nebraska
96%
North Dakota
95.8%
Colorado
95.5%
New Mexico
95.2%
Utah
95.2%
Arizona
95%
Missouri
95%
Montana
94.7%
Nevada
94.7%
Wyoming
94.7%
Arkansas
94.4%
Idaho
93.7%
North Carolina
93.4%
Pennsylvania
93.4%
California
92.9%
Ohio
92.9%
Indiana
92.3%
Kentucky
92.3%
% Correct
Tennessee
92.3%
Virginia
92.3%
Louisiana
92.1%
Iowa
91.5%
Florida
91.3%
Michigan
91.3%
Mississippi
90.7%
South Carolina
90.5%
Alabama
89.4%
Oregon
88.9%
New Hampshire
88.1%
New York
87.6%
Wisconsin
87.6%
Illinois
87%
Maine
86.5%
Washington
84.4%
Alaska
82.5%
Vermont
82.5%
Connecticut
81%
New Jersey
79.9%
Delaware
67.7%
Massachusetts
67.5%

You're not logged in!

Compare scores with friends on all Sporcle quizzes.
OR
Log In

Sporcle TV

Today on Sporcle TV


Watch our educational content, quiz creation guides, and fun videos on Sporcle TV.

Show Comments

Extras

Top Quizzes Today


Score Distribution

Your Account Isn't Verified!

In order to create a playlist on Sporcle, you need to verify the email address you used during registration. Go to your Sporcle Settings to finish the process.

Report this User

Report this user for behavior that violates our Community Guidelines.

Details: